000 00638nam a2200181Ia 4500
003 GCL
008 140319s9999 xx 000 0 ara d
040 _aGCL /
_cGCL
082 0 4 _a070.175
_bم ف
245 1 0 _aفهرس مجلة المستقبل العربى :
_bمن السنة الاولى حتى السنة الخامسة والعشرين
250 _aالاولى
260 _aبيروت :
_bمركز دراسات الوحدة العربية ،
_c2003
300 _a488 ص ؛
_c24 سم
650 0 4 _aالادلة
650 0 4 _aالدوريات - فهرسة
650 0 4 _aمجلة المستقبل العربى
942 _2ddc
_cBK
999 _c5830
_d5830